Last 10 Scotland Captain - Statistics

General Stats
  • This quiz has been taken 9 times
  • The average score is 4 of 10
Answer Stats
Years of Captaincy Club with most Apps for Position Answer % Correct
2018-Present Liverpool LB Andy Robertson
100%
2010-2014, 2015-2016 Manchester United CM Darren Fletcher
67%
2014-2015, 2016-2018 Celtic CM Scott Brown
67%
2006-2009 Rangers CM Barry Ferguson
56%
1996-2002 Blackburn Rovers CB Colin Hendry
44%
2004-2006 Rangers CB David Weir
22%
2003-2004 West Ham CB Christian Dailly
11%
2002-2003 Celtic CM Paul Lambert
11%
2009-2010 Celtic CB Stephen Mcmanus
11%
1994-1996 Leeds United CB Gary Mcallister
0%
No matching quizzes found
Score Distribution
Percent of People with Each Score
Percentile by Number Answered
Your Score History
You have not taken this quiz